[Event "5th EKA IIFL Investment 2019"]
[Site "Mumbai"]
[Date "2020.01.06"]
[Round "8.11"]
[White "Sammed Jaykumar, Shete"]
[Black "Gholami, Aryan"]
[Result "1/2-1/2"]
[WhiteElo "2381"]
[BlackElo "2541"]
[Annotator "RC"]
[PlyCount "80"]
[EventDate "2019.12.30"]
[EventType "swiss"]
[EventCountry "IND"]
[SourceTitle "playchess.com"]
[Source "ChessBase"]
[SourceQuality "1"]
[TimeControl "40/5400+30:1800+30"]

1. e4 {[%emt 0:00:00]} c6 {[%emt 0:00:00]} 2. Nf3 {[%emt 0:00:00]} d5 {[%emt 0:00:00]} 3. Nc3 {[%emt 0:00:00]} dxe4 {[%emt 0:00:00]} 4. Nxe4 {[%emt 0:00:00]} Nf6 {[%emt 0:00:00]} 5. Qe2 {[%emt 0:00:00]} Nxe4 {[%emt 0:00:00]} 6. Qxe4 {[%emt 0:00:02]} Qa5 {[%emt 0:00:04]} 7. Bc4 {[%emt 0:00:14]} Bf5 {[%emt 0:00:08]} 8. Qe2 {[%emt 0:00:14]} e6 {[%emt 0:09:00]} 9. O-O {[%emt 0:00:42]} Nd7 {[%emt 0:08:21]} 10. d4 {[%emt 0:00:13]} Be7 {[%emt 0:05:39]} 11. Bf4 {[%emt 0:00:55]} O-O {[%emt 0:00:13]} 12. c3 {[%emt 0:01:26]} Rfe8 {[%emt 0:04:58]} 13. Rfe1 {[%emt 0:01:33]} Rad8 {[%emt 0:05:34]} 14. a4 {[%emt 0:05:41]} Bg4 {[%emt 0:04:50]} 15. Bg3 {[%emt 0:16:46]} Qh5 {[%emt 0:01:56]} 16. a5 {[%emt 0:02:22]} a6 {[%emt 0:03:51]} 17. h3 {[%emt 0:11:59]} Bxf3 {[%emt 0:00:58]} 18. Qxf3 {[%emt 0:00:06]} Qxf3 {[%emt 0:00:06]} 19. gxf3 {[%emt 0:00:04]} Nf6 {[%emt 0:05:11]} 20. Kg2 {[%emt 0:02:11]} g6 {[%emt 0:01:27]} 21. h4 {[%emt 0:05:28]} Nh5 {[%emt 0:02:52]} 22. Kh3 {[%emt 0:05:39]} Ng7 {[%emt 0:06:47]} 23. Re2 {[%emt 0:01:13]} h5 {[%emt 0:05:30]} 24. Bb3 {[%emt 0:07:07]} Nf5 {[%emt 0:02:31]} 25. Bc2 {[%emt 0:02:33]} c5 {[%emt 0:05:51]} 26. dxc5 {[%emt 0:01:30]} Bxc5 {[%emt 0:00:44]} 27. Ra4 {[%emt 0:01:35]} Nxg3 {[%emt 0:03:37]} 28. fxg3 {[%emt 0:03:20]} Be7 {[%emt 0:00:19]} 29. Rc4 {[%emt 0:01:57]} Rc8 {[%emt 0:00:12]} 30. Rxc8 {[%emt 0:03:35]} Rxc8 {[%emt 0:00:06]} 31. Rd2 {[%emt 0:00:07]} Rc7 {[%emt 0:00:29]} 32. Ba4 {[%emt 0:01:56]} Kf8 {[%emt 0:04:39]} 33. Rd7 {[%emt 0:01:14]} Rc5 {[%emt 0:00:05]} 34. Rxb7 {[%emt 0:04:06]} Rxa5 {[%emt 0:01:33]} 35. Bc6 {[%emt 0:09:00]} Ra1 {[%emt 0:01:18]} 36. Rb8+ {[%emt 0:03:56]} Kg7 {[%emt 0:00:12]} 37. Rb7 {[%emt 0:00:04]} Kf8 {[%emt 0:00:04]} 38. Rb8+ {[%emt 0:00:06]} Kg7 {[%emt 0:00:03]} 39. Rb7 {[%emt 0:00:05]} Kf8 {[%emt 0:00:05]} 40. Rb8+ {[%emt 0:00:00]} Kg7 {[%emt 0:00:00]} 1/2-1/2

[Event "5th EKA IIFL Investment 2019"]
[Site "Mumbai"]
[Date "2020.01.06"]
[Round "8.12"]
[White "Muthaiah AL"]
[Black "Nigmatov, Ortik"]
[Result "1-0"]
[WhiteElo "2363"]
[BlackElo "2474"]
[Annotator "RC"]
[PlyCount "77"]
[EventDate "2019.12.30"]
[EventType "swiss"]
[EventCountry "IND"]
[SourceTitle "playchess.com"]
[Source "ChessBase"]
[SourceQuality "1"]
[TimeControl "40/5400+30:1800+30"]

1. Nf3 {[%emt 0:00:00]} Nf6 {[%emt 0:04:13]} 2. d4 {[%emt 0:00:46]} g6 {[%emt 0:00:06]} 3. c4 {[%emt 0:00:31]} Bg7 {[%emt 0:00:05]} 4. g3 {[%emt 0:00:37]} O-O {[%emt 0:00:05]} 5. Bg2 {[%emt 0:00:11]} d6 {[%emt 0:00:02]} 6. O-O {[%emt 0:01:02]} Nc6 {[%emt 0:00:02]} 7. Nc3 {[%emt 0:00:27]} e5 {[%emt 0:00:06]} 8. dxe5 {[%emt 0:07:09]} dxe5 {[%emt 0:00:06]} 9. Bg5 {[%emt 0:00:59]} Be6 {[%emt 0:00:07]} 10. Nd5 {[%emt 0:08:59]} Bxd5 {[%emt 0:11:08]} 11. Bxf6 {[%emt 0:01:30]} Bxf6 {[%emt 0:04:00]} 12. cxd5 {[%emt 0:02:55]} Ne7 {[%emt 0:00:46]} 13. e4 {[%emt 0:01:18]} Nc8 {[%emt 0:01:50]} 14. Nd2 {[%emt 0:03:17]} Nd6 {[%emt 0:00:18]} 15. Qb3 {[%emt 0:01:50]} b5 {[%emt 0:08:29]} 16. Rac1 {[%emt 0:03:54]} Bg7 {[%emt 0:02:05]} 17. Rc6 {[%emt 0:02:30]} f5 {[%emt 0:01:43]} 18. Qc2 {[%emt 0:01:40]} Rf7 {[%emt 0:16:33]} 19. Nb3 {[%emt 0:00:49]} Nb7 {[%emt 0:06:08]} 20. exf5 {[%emt 0:05:18]} gxf5 {[%emt 0:03:18]} 21. d6 {[%emt 0:02:00]} e4 {[%emt 0:03:54]} 22. dxc7 {[%emt 0:01:02]} Qc8 {[%emt 0:00:02]} 23. Rd1 {[%emt 0:17:50]} Be5 {[%emt 0:02:19]} 24. Nd4 {[%emt 0:01:40]} Rxc7 {[%emt 0:09:06]} 25. Rxc7 {[%emt 0:01:38]} Qxc7 {[%emt 0:02:12]} 26. Qxc7 {[%emt 0:00:22]} Bxc7 {[%emt 0:00:05]} 27. Nxf5 {[%emt 0:00:20]} Rd8 {[%emt 0:02:23]} 28. Rxd8+ {[%emt 0:00:51]} Bxd8 {[%emt 0:00:28]} 29. Bxe4 {[%emt 0:01:01]} Nc5 {[%emt 0:00:09]} 30. Bc2 {[%emt 0:03:26]} Bf6 {[%emt 0:01:02]} 31. Nd6 {[%emt 0:02:26]} a6 {[%emt 0:03:55]} 32. b3 {[%emt 0:00:27]} Be7 {[%emt 0:00:16]} 33. Nf5 {[%emt 0:00:50]} Bf6 {[%emt 0:00:26]} 34. Kg2 {[%emt 0:02:19]} Nd7 {[%emt 0:04:08]} 35. f4 {[%emt 0:00:57]} Nb6 {[%emt 0:01:00]} 36. Be4 {[%emt 0:00:36]} a5 {[%emt 0:00:27]} 37. Nd6 {[%emt 0:01:47]} b4 {[%emt 0:00:31]} 38. Nc4 {[%emt 0:00:49]} Nxc4 {[%emt 0:01:35]} 39. Bd5+ {[%emt 0:00:07]} 1-0

[Event "5th EKA IIFL Investment 2019"]
[Site "Mumbai"]
[Date "2020.01.06"]
[Round "8.13"]
[White "Ameir, Moheb"]
[Black "Krishna C R G"]
[Result "0-1"]
[WhiteElo "2342"]
[BlackElo "2459"]
[Annotator "RC"]
[PlyCount "130"]
[EventDate "2019.12.30"]
[EventType "swiss"]
[EventCountry "IND"]
[SourceTitle "playchess.com"]
[Source "ChessBase"]
[SourceQuality "1"]
[TimeControl "40/5400+30:1800+30"]

1. e4 {[%emt 0:03:06]} e6 {[%emt 0:00:00]} 2. d4 {[%emt 0:00:06]} d5 {[%emt 0:00:00]} 3. Nd2 {[%emt 0:00:08]} c5 {[%emt 0:00:00]} 4. exd5 {[%emt 0:00:08]} Qxd5 {[%emt 0:00:00]} 5. Ngf3 {[%emt 0:00:09]} cxd4 {[%emt 0:00:00]} 6. Bc4 {[%emt 0:00:07]} Qd7 {[%emt 0:00:00]} 7. O-O {[%emt 0:00:33]} Nc6 {[%emt 0:00:05]} 8. Nb3 {[%emt 0:02:29]} Nf6 {[%emt 0:00:07]} 9. Nbxd4 {[%emt 0:03:36]} Nxd4 {[%emt 0:00:07]} 10. Nxd4 {[%emt 0:00:06]} a6 {[%emt 0:00:04]} 11. Bf4 {[%emt 0:01:14]} b5 {[%emt 0:03:39]} 12. Bb3 {[%emt 0:02:58]} Bb7 {[%emt 0:00:07]} 13. Be5 {[%emt 0:01:27]} Bd6 {[%emt 0:05:58]} 14. Qe2 {[%emt 0:11:52]} Bxe5 {[%emt 0:08:25]} 15. Qxe5 {[%emt 0:01:42]} O-O {[%emt 0:00:05]} 16. Rad1 {[%emt 0:05:09]} Rfd8 {[%emt 0:00:53]} 17. c3 {[%emt 0:01:44]} Qd6 {[%emt 0:01:38]} 18. Qxd6 {[%emt 0:09:22]} Rxd6 {[%emt 0:00:50]} 19. a4 {[%emt 0:02:33]} bxa4 {[%emt 0:04:02]} 20. Bxa4 {[%emt 0:00:21]} Rc8 {[%emt 0:00:19]} 21. Rfe1 {[%emt 0:08:55]} Rb6 {[%emt 0:09:24]} 22. Re2 {[%emt 0:03:17]} g6 {[%emt 0:02:07]} 23. Rc1 {[%emt 0:08:45]} Nd5 {[%emt 0:06:49]} 24. f3 {[%emt 0:01:59]} e5 {[%emt 0:08:11]} 25. Rxe5 {[%emt 0:01:36]} Rxb2 {[%emt 0:00:51]} 26. Re8+ {[%emt 0:24:28]} Rxe8 {[%emt 0:01:23]} 27. Bxe8 {[%emt 0:00:01]} Nf4 {[%emt 0:12:37]} 28. g3 {[%emt 0:02:54]} Ne2+ {[%emt 0:00:08]} 29. Nxe2 {[%emt 0:00:05]} Rxe2 {[%emt 0:00:02]} 30. Bd7 {[%emt 0:00:41]} Bxf3 {[%emt 0:00:30]} 31. Bh3 {[%emt 0:00:21]} a5 {[%emt 0:01:44]} 32. Ra1 {[%emt 0:01:35]} Rc2 {[%emt 0:00:52]} 33. Rxa5 {[%emt 0:01:08]} Rxc3 {[%emt 0:00:02]} 34. Kf2 {[%emt 0:00:39]} Be4 {[%emt 0:00:22]} 35. Ra2 {[%emt 0:00:08]} Rf3+ {[%emt 0:09:09]} 36. Kg1 {[%emt 0:00:23]} Bd5 {[%emt 0:08:04]} 37. Rd2 {[%emt 0:00:39]} Be6 {[%emt 0:00:06]} 38. Bg2 {[%emt 0:00:21]} Ra3 {[%emt 0:00:03]} 39. Kf2 {[%emt 0:00:13]} g5 {[%emt 0:00:16]} 40. Rb2 {[%emt 0:00:00]} Kg7 {[%emt 0:00:00]} 41. Rc2 {[%emt 0:01:10]} h5 {[%emt 0:01:34]} 42. Rb2 {[%emt 0:04:02]} Bg4 {[%emt 0:01:45]} 43. Rd2 {[%emt 0:01:28]} Ra5 {[%emt 0:00:13]} 44. Rb2 {[%emt 0:00:22]} Kf6 {[%emt 0:00:12]} 45. Rd2 {[%emt 0:00:53]} Ke5 {[%emt 0:00:10]} 46. h3 {[%emt 0:00:20]} Bf5 {[%emt 0:00:19]} 47. Re2+ {[%emt 0:01:02]} Kd4 {[%emt 0:00:46]} 48. Bf3 {[%emt 0:05:34]} g4 {[%emt 0:10:31]} 49. hxg4 {[%emt 0:00:19]} hxg4 {[%emt 0:00:01]} 50. Bg2 {[%emt 0:00:51]} Bd3 {[%emt 0:00:02]} 51. Rb2 {[%emt 0:01:25]} Kc3 {[%emt 0:04:42]} 52. Rb8 {[%emt 0:00:55]} Ra2+ {[%emt 0:00:04]} 53. Kg1 {[%emt 0:00:06]} f5 {[%emt 0:00:50]} 54. Rd8 {[%emt 0:02:24]} Ra1+ {[%emt 0:01:23]} 55. Kf2 {[%emt 0:00:10]} Ra2+ {[%emt 0:00:02]} 56. Kg1 {[%emt 0:00:11]} Rd2 {[%emt 0:00:02]} 57. Bb7 {[%emt 0:02:22]} Be4 {[%emt 0:01:57]} 58. Rxd2 {[%emt 0:00:37]} Kxd2 {[%emt 0:00:02]} 59. Ba6 {[%emt 0:04:00]} Ke3 {[%emt 0:00:03]} 60. Bf1 {[%emt 0:01:30]} Kf3 {[%emt 0:00:52]} 61. Kh2 {[%emt 0:00:08]} Kf2 {[%emt 0:00:04]} 62. Bg2 {[%emt 0:00:20]} Bf3 {[%emt 0:00:52]} 63. Bf1 {[%emt 0:00:21]} Bb7 {[%emt 0:00:56]} 64. Bg2 {[%emt 0:00:22]} Be4 {[%emt 0:00:02]} 65. Bf1 {[%emt 0:00:18]} f4 {[%emt 0:00:16]} 0-1

[Event "5th EKA IIFL Investment 2019"]
[Site "Mumbai"]
[Date "2020.01.06"]
[Round "8.14"]
[White "Mirzoev, Azer"]
[Black "Harshavardhan G B"]
[Result "1/2-1/2"]
[WhiteElo "2457"]
[BlackElo "2344"]
[Annotator "RC"]
[PlyCount "76"]
[EventDate "2019.12.30"]
[EventType "swiss"]
[EventCountry "IND"]
[SourceTitle "playchess.com"]
[Source "ChessBase"]
[SourceQuality "1"]
[TimeControl "40/5400+30:1800+30"]

1. d4 {[%emt 0:04:09]} Nf6 {[%emt 0:00:00]} 2. Nf3 {[%emt 0:00:07]} g6 {[%emt 0:00:00]} 3. c4 {[%emt 0:00:23]} Bg7 {[%emt 0:00:00]} 4. Nc3 {[%emt 0:00:04]} O-O {[%emt 0:00:00]} 5. e3 {[%emt 0:00:06]} d6 {[%emt 0:00:25]} 6. Be2 {[%emt 0:00:13]} Nbd7 {[%emt 0:03:48]} 7. b3 {[%emt 0:00:07]} c5 {[%emt 0:00:14]} 8. Bb2 {[%emt 0:00:21]} b6 {[%emt 0:00:41]} 9. O-O {[%emt 0:02:03]} Bb7 {[%emt 0:00:05]} 10. Rc1 {[%emt 0:00:15]} a6 {[%emt 0:02:16]} 11. h3 {[%emt 0:00:19]} e6 {[%emt 0:04:10]} 12. a3 {[%emt 0:03:18]} Qe7 {[%emt 0:00:22]} 13. b4 {[%emt 0:00:08]} Rfc8 {[%emt 0:05:29]} 14. Qb3 {[%emt 0:01:59]} Rab8 {[%emt 0:00:14]} 15. Rfd1 {[%emt 0:04:24]} d5 {[%emt 0:13:42]} 16. cxd5 {[%emt 0:01:10]} Nxd5 17. dxc5 {[%emt 0:04:11]} bxc5 {[%emt 0:03:35]} 18. Nxd5 {[%emt 0:00:21]} Bxd5 {[%emt 0:00:22]} 19. Qc2 {[%emt 0:00:11]} Bxb2 {[%emt 0:00:59]} 20. Qxb2 {[%emt 0:00:11]} cxb4 {[%emt 0:00:07]} 21. Rxc8+ {[%emt 0:04:29]} Rxc8 {[%emt 0:00:06]} 22. Qxb4 {[%emt 0:00:06]} Qxb4 {[%emt 0:02:15]} 23. axb4 {[%emt 0:15:06]} Nb8 24. Nd4 Kf8 {[%emt 0:08:15]} 25. Ra1 {[%emt 0:03:19]} Rc7 {[%emt 0:01:45]} 26. Bxa6 {[%emt 0:08:53]} Ra7 {[%emt 0:00:52]} 27. b5 {[%emt 0:00:09]} Bb7 {[%emt 0:00:10]} 28. h4 {[%emt 0:01:25]} Nxa6 {[%emt 0:00:48]} 29. f3 {[%emt 0:04:40]} Ra8 {[%emt 0:02:58]} 30. bxa6 {[%emt 0:00:09]} Rxa6 {[%emt 0:00:07]} 31. Rxa6 {[%emt 0:01:09]} Bxa6 {[%emt 0:00:06]} 32. e4 {[%emt 0:00:31]} e5 {[%emt 0:01:01]} 33. Nc6 {[%emt 0:00:10]} f6 {[%emt 0:00:05]} 34. Kf2 {[%emt 0:00:57]} Bb7 {[%emt 0:00:35]} 35. Na5 {[%emt 0:00:35]} Bc8 {[%emt 0:00:39]} 36. Nc6 {[%emt 0:00:44]} Bb7 {[%emt 0:00:05]} 37. Na5 {[%emt 0:00:05]} Bc8 {[%emt 0:00:04]} 38. Nc6 {[%emt 0:00:03]} Bb7 {[%emt 0:00:05]} 1/2-1/2

[Event "5th EKA IIFL Investment 2019"]
[Site "Mumbai"]
[Date "2020.01.06"]
[Round "8.15"]
[White "Shyaamnikhil P"]
[Black "Kulkarni, Vikramaditya"]
[Result "1/2-1/2"]
[WhiteElo "2455"]
[BlackElo "2328"]
[Annotator "RC"]
[PlyCount "82"]
[EventDate "2019.12.30"]
[EventType "swiss"]
[EventCountry "IND"]
[SourceTitle "playchess.com"]
[Source "ChessBase"]
[SourceQuality "1"]
[TimeControl "40/5400+30:1800+30"]

1. d4 {[%emt 0:00:00]} e6 {[%emt 0:04:39]} 2. c4 {[%emt 0:00:04]} f5 {[%emt 0:02:06]} 3. g3 {[%emt 0:00:30]} Nf6 {[%emt 0:00:09]} 4. Bg2 {[%emt 0:00:05]} c6 {[%emt 0:00:13]} 5. Nf3 {[%emt 0:00:37]} d5 {[%emt 0:00:14]} 6. O-O {[%emt 0:00:44]} Bd6 {[%emt 0:00:15]} 7. b3 {[%emt 0:00:42]} Qe7 {[%emt 0:00:27]} 8. Bb2 {[%emt 0:02:56]} O-O {[%emt 0:00:14]} 9. Qc1 {[%emt 0:00:39]} b5 {[%emt 0:01:01]} 10. c5 {[%emt 0:09:45]} Bc7 {[%emt 0:00:05]} 11. Ne5 {[%emt 0:02:12]} a5 {[%emt 0:07:59]} 12. a3 {[%emt 0:01:13]} Bb7 {[%emt 0:05:16]} 13. Nd2 {[%emt 0:00:56]} g5 {[%emt 0:09:28]} 14. b4 {[%emt 0:11:48]} Nbd7 {[%emt 0:08:24]} 15. Ndf3 {[%emt 0:02:31]} g4 16. Ne1 {[%emt 0:09:35]} Nxe5 {[%emt 0:22:18]} 17. dxe5 {[%emt 0:00:56]} Ne4 18. f3 {[%emt 0:05:37]} Ng5 {[%emt 0:05:36]} 19. fxg4 {[%emt 0:00:32]} fxg4 {[%emt 0:00:11]} 20. Rf6 {[%emt 0:00:12]} Qg7 {[%emt 0:02:06]} 21. Nd3 {[%emt 0:00:45]} axb4 {[%emt 0:01:41]} 22. axb4 {[%emt 0:02:33]} Rxa1 {[%emt 0:01:23]} 23. Qxa1 {[%emt 0:11:43]} Bd8 {[%emt 0:04:36]} 24. Rxf8+ {[%emt 0:15:57]} Kxf8 {[%emt 0:00:57]} 25. Nf4 {[%emt 0:02:34]} Bc8 {[%emt 0:01:59]} 26. Qa8 {[%emt 0:06:41]} Qb7 {[%emt 0:01:29]} 27. Qa3 {[%emt 0:00:50]} Bd7 {[%emt 0:05:23]} 28. Qa1 {[%emt 0:02:04]} Be8 {[%emt 0:01:06]} 29. Bd4 {[%emt 0:00:06]} Qf7 {[%emt 0:05:07]} 30. Qb1 {[%emt 0:01:43]} Qf5 {[%emt 0:03:33]} 31. Qxf5+ {[%emt 0:02:25]} exf5 {[%emt 0:00:02]} 32. Kf2 {[%emt 0:01:52]} Ke7 {[%emt 0:01:18]} 33. e3 {[%emt 0:00:45]} Bc7 {[%emt 0:00:48]} 34. Ke2 {[%emt 0:00:37]} Bb8 {[%emt 0:01:33]} 35. Kd2 {[%emt 0:00:29]} Nf7 {[%emt 0:01:47]} 36. Nd3 {[%emt 0:00:07]} Ke6 {[%emt 0:00:21]} 37. Nf4+ {[%emt 0:00:06]} Ke7 {[%emt 0:00:04]} 38. Nd3 {[%emt 0:00:04]} Nh8 {[%emt 0:00:35]} 39. h4 Ng6 {[%emt 0:02:15]} 40. Ke2 {[%emt 0:00:00]} Ke6 {[%emt 0:00:00]} 41. Nf4+ {[%emt 0:02:02]} Nxf4+ 1/2-1/2

[Event "5th EKA IIFL Investment 2019"]
[Site "Mumbai"]
[Date "2020.01.06"]
[Round "8.16"]
[White "Manish Anto Cristiano F"]
[Black "Rahman, Ziaur"]
[Result "0-1"]
[WhiteElo "2280"]
[BlackElo "2440"]
[Annotator "RC"]
[PlyCount "112"]
[EventDate "2019.12.30"]
[EventType "swiss"]
[EventCountry "IND"]
[SourceTitle "playchess.com"]
[Source "ChessBase"]
[SourceQuality "1"]
[TimeControl "40/5400+30:1800+30"]

1. e4 g6 2. d4 Bg7 3. Nc3 d6 4. Be3 a6 5. Qd2 b5 6. Nf3 Bb7 7. Bd3 Nd7 8. a4 b4 9. Ne2 c5 10. c3 Ngf6 11. Ng3 bxc3 12. bxc3 Qc7 13. O-O Ng4 14. Bg5 h6 15. h3 hxg5 16. hxg4 Nf6 17. Qxg5 O-O-O 18. Qd2 c4 19. g5 Nh5 20. Bc2 e5 21. Rfb1 d5 22. Nxe5 Bxe5 23. dxe5 Nxg3 24. fxg3 Qxe5 25. exd5 Bxd5 26. Qf2 Rd7 27. Qf4 Qxf4 28. gxf4 Bxg2 29. Rd1 Bd5 30. Rac1 Rh1+ 31. Kf2 Rh2+ 32. Kg1 Rg2+ 33. Kf1 Rg3 34. Rd2 Rf3+ 35. Rf2 Rxc3 36. Rd1 Be6 37. Rxd7 Kxd7 38. f5 gxf5 39. Bxf5 Rg3 40. Bxe6+ fxe6 41. Rf7+ Kc6 42. Ra7 Kb6 43. Re7 Rxg5 44. Rxe6+ Ka5 45. Ke2 Kxa4 46. Kd2 Kb3 47. Rb6+ Rb5 48. Rxa6 Kb2 49. Rc6 Rd5+ 50. Ke2 c3 51. Rb6+ Kc1 52. Rc6 c2 53. Rc8 Rb5 54. Kd3 Rb3+ 55. Ke2 Kb1 56. Kd2 Rb2 0-1

[Event "5th EKA IIFL Investment 2019"]
[Site "Mumbai"]
[Date "2020.01.06"]
[Round "8.17"]
[White "Subhayan Kundu"]
[Black "Das, Sayantan"]
[Result "0-1"]
[WhiteElo "2222"]
[BlackElo "2440"]
[Annotator "RC"]
[PlyCount "80"]
[EventDate "2019.12.30"]
[EventType "swiss"]
[EventCountry "IND"]
[SourceTitle "playchess.com"]
[Source "ChessBase"]
[SourceQuality "1"]
[TimeControl "40/5400+30:1800+30"]

1. e4 {[%emt 0:00:00]} e5 {[%emt 0:00:00]} 2. Nf3 {[%emt 0:00:00]} Nc6 {[%emt 0:00:06]} 3. Bc4 {[%emt 0:00:00]} Nf6 {[%emt 0:00:14]} 4. d3 {[%emt 0:00:00]} h6 {[%emt 0:00:34]} 5. O-O {[%emt 0:00:08]} d6 {[%emt 0:00:17]} 6. c3 {[%emt 0:00:45]} g5 {[%emt 0:00:12]} 7. Re1 {[%emt 0:01:10]} Bg7 {[%emt 0:03:55]} 8. a4 {[%emt 0:00:29]} g4 {[%emt 0:01:28]} 9. Nfd2 {[%emt 0:00:23]} h5 {[%emt 0:00:27]} 10. Nf1 {[%emt 0:01:05]} Qe7 {[%emt 0:08:16]} 11. a5 {[%emt 0:00:26]} a6 {[%emt 0:00:06]} 12. f4 {[%emt 0:10:01]} gxf3 {[%emt 0:11:20]} 13. Qxf3 {[%emt 0:00:16]} Bg4 {[%emt 0:00:07]} 14. Qf2 {[%emt 0:02:18]} Be6 {[%emt 0:01:20]} 15. h3 {[%emt 0:05:26]} O-O-O {[%emt 0:05:17]} 16. Ng3 {[%emt 0:13:15]} Bh6 {[%emt 0:11:25]} 17. Nf5 {[%emt 0:14:10]} Bxf5 {[%emt 0:00:10]} 18. Qxf5+ {[%emt 0:00:04]} Kb8 {[%emt 0:01:39]} 19. Rf1 {[%emt 0:12:26]} Bxc1 {[%emt 0:06:34]} 20. Qxf6 {[%emt 0:00:03]} Qxf6 {[%emt 0:01:55]} 21. Rxf6 {[%emt 0:00:02]} Bxb2 {[%emt 0:00:52]} 22. Ra2 {[%emt 0:00:01]} Bc1 {[%emt 0:00:08]} 23. g3 {[%emt 0:07:56]} Rdg8 {[%emt 0:05:03]} 24. Kh2 h4 {[%emt 0:05:03]} 25. g4 {[%emt 0:01:49]} Rg7 {[%emt 0:01:08]} 26. Kg2 {[%emt 0:07:07]} Rf8 {[%emt 0:03:08]} 27. Rf1 {[%emt 0:06:49]} Bg5 {[%emt 0:04:02]} 28. Be6 {[%emt 0:00:49]} Bf4 {[%emt 0:04:30]} 29. Bd5 {[%emt 0:00:07]} Ne7 {[%emt 0:00:16]} 30. Bb3 Ng6 {[%emt 0:03:28]} 31. Na3 {[%emt 0:00:10]} Bg5 {[%emt 0:02:04]} 32. Bc4 {[%emt 0:00:16]} c6 {[%emt 0:02:13]} 33. Rb2 {[%emt 0:00:08]} Ka7 {[%emt 0:00:11]} 34. Rfb1 {[%emt 0:00:15]} f6 {[%emt 0:00:52]} 35. Nc2 {[%emt 0:02:13]} d5 {[%emt 0:07:39]} 36. Ba2 {[%emt 0:00:01]} Nf4+ {[%emt 0:00:16]} 37. Kf3 {[%emt 0:00:12]} Nxd3 {[%emt 0:00:28]} 38. Rb6 {[%emt 0:00:01]} dxe4+ 39. Kxe4 {[%emt 0:00:02]} Nc5+ {[%emt 0:00:47]} 40. Kf3 {[%emt 0:00:00]} Rd8 {[%emt 0:00:00]} 0-1

[Event "5th EKA IIFL Investment 2019"]
[Site "Mumbai"]
[Date "2020.01.06"]
[Round "8.18"]
[White "Dere Pushkar"]
[Black "Hesham, Abdelrahman"]
[Result "1-0"]
[WhiteElo "2061"]
[BlackElo "2416"]
[Annotator "ChessBase"]
[PlyCount "117"]
[EventDate "2019.12.30"]
[EventType "swiss"]
[EventCountry "IND"]
[SourceTitle "playchess.com"]
[Source "ChessBase"]
[SourceQuality "1"]
[TimeControl "40/5400+30:1800+30"]

1. e4 {[%emt 0:00:00]} c5 {[%emt 0:03:38]} 2. c3 {[%emt 0:00:00]} Nf6 {[%emt 0:00:08]} 3. e5 {[%emt 0:00:00]} Nd5 {[%emt 0:00:05]} 4. d4 {[%emt 0:00:00]} cxd4 {[%emt 0:00:08]} 5. Nf3 {[%emt 0:00:03]} Nc6 {[%emt 0:01:02]} 6. cxd4 {[%emt 0:00:08]} d6 {[%emt 0:00:07]} 7. Bc4 {[%emt 0:00:05]} Nb6 {[%emt 0:00:19]} 8. Bb5 {[%emt 0:00:05]} dxe5 {[%emt 0:00:34]} 9. Nxe5 {[%emt 0:00:05]} Bd7 {[%emt 0:00:05]} 10. Nxd7 {[%emt 0:00:25]} Qxd7 {[%emt 0:00:08]} 11. Nc3 {[%emt 0:00:07]} e6 {[%emt 0:01:29]} 12. O-O {[%emt 0:00:12]} Be7 {[%emt 0:00:54]} 13. Qg4 {[%emt 0:00:04]} O-O {[%emt 0:01:22]} 14. Bxc6 {[%emt 0:07:21]} bxc6 {[%emt 0:04:16]} 15. Bh6 {[%emt 0:00:23]} Bf6 {[%emt 0:00:23]} 16. Rfd1 {[%emt 0:00:42]} Kh8 {[%emt 0:02:26]} 17. Ne4 {[%emt 0:01:06]} Qe7 {[%emt 0:15:10]} 18. Bg5 {[%emt 0:03:15]} Bxg5 {[%emt 0:01:27]} 19. Qxg5 {[%emt 0:00:30]} Nd5 {[%emt 0:01:41]} 20. Rac1 {[%emt 0:01:34]} Rab8 {[%emt 0:00:39]} 21. Rd2 {[%emt 0:05:57]} Rb6 {[%emt 0:03:03]} 22. Qxe7 {[%emt 0:03:22]} Nxe7 {[%emt 0:00:48]} 23. Rc4 {[%emt 0:01:07]} Rd8 {[%emt 0:02:05]} 24. Ra4 {[%emt 0:02:24]} Nc8 {[%emt 0:00:08]} 25. Rc2 {[%emt 0:01:56]} e5 {[%emt 0:01:57]} 26. Rd2 {[%emt 0:02:18]} f5 {[%emt 0:01:16]} 27. Ng5 {[%emt 0:01:14]} Kg8 {[%emt 0:00:23]} 28. Nf3 {[%emt 0:02:10]} e4 {[%emt 0:01:32]} 29. Ne5 {[%emt 0:00:14]} g6 {[%emt 0:20:33]} 30. b3 {[%emt 0:03:29]} c5 {[%emt 0:04:15]} 31. Rc4 {[%emt 0:00:19]} Rb5 {[%emt 0:00:16]} 32. Rdc2 {[%emt 0:08:37]} Ne7 {[%emt 0:03:09]} 33. Rxc5 {[%emt 0:01:50]} Rxd4 {[%emt 0:00:16]} 34. Kf1 {[%emt 0:02:30]} Rxc5 {[%emt 0:01:46]} 35. Rxc5 {[%emt 0:00:05]} Nd5 {[%emt 0:00:17]} 36. Nc6 {[%emt 0:01:27]} Rd2 {[%emt 0:02:36]} 37. Rxd5 {[%emt 0:01:05]} Rxa2 {[%emt 0:00:06]} 38. g3 {[%emt 0:01:35]} a6 {[%emt 0:00:16]} 39. Ra5 {[%emt 0:00:12]} Rb2 {[%emt 0:00:02]} 40. b4 {[%emt 0:00:00]} Kf7 {[%emt 0:00:00]} 41. Rxa6 {[%emt 0:01:43]} Ke6 {[%emt 0:00:05]} 42. Na5+ {[%emt 0:00:32]} Kd5 {[%emt 0:00:02]} 43. Rd6+ {[%emt 0:00:09]} Kxd6 {[%emt 0:00:22]} 44. Nc4+ {[%emt 0:00:04]} Kc6 {[%emt 0:00:02]} 45. Nxb2 {[%emt 0:00:08]} Kb5 {[%emt 0:00:00]} 46. Ke2 {[%emt 0:00:38]} Kxb4 {[%emt 0:00:02]} 47. f3 {[%emt 0:00:21]} Kc3 {[%emt 0:00:56]} 48. fxe4 {[%emt 0:00:11]} fxe4 {[%emt 0:00:02]} 49. Nd1+ {[%emt 0:00:08]} Kd4 {[%emt 0:00:05]} 50. Nf2 {[%emt 0:00:03]} h5 {[%emt 0:01:09]} 51. Nh3 {[%emt 0:00:08]} Ke5 {[%emt 0:00:04]} 52. Ke3 {[%emt 0:00:07]} Kf5 {[%emt 0:00:08]} 53. Nf2 {[%emt 0:00:03]} g5 {[%emt 0:00:21]} 54. Nxe4 {[%emt 0:00:08]} h4 {[%emt 0:00:19]} 55. Nf2 {[%emt 0:00:07]} hxg3 {[%emt 0:00:26]} 56. hxg3 {[%emt 0:00:03]} g4 {[%emt 0:00:19]} 57. Kd4 {[%emt 0:00:04]} Kg5 {[%emt 0:00:05]} 58. Ke4 {[%emt 0:00:03]} Kh5 {[%emt 0:00:09]} 59. Kf4 {[%emt 0:00:03]} 1-0